000 00595nam a2200181Ia 4500
008 151202s9999||||xx |||||||||||||| ||und||
082 _bPNVM-76487
100 _aशहा सुरेखा
245 _aराणी अब्बक्कदेवी
260 _b मॅजेस्टिक प्रकाशन
260 _c2015
300 _a146
600 _aशहा सुरेखा
630 _aराणी अब्बक्कदेवी
700 _aशहा सुरेखा
730 _aराणी अब्बक्कदेवी
942 _cBOOK
999 _c1343146
_d1343143